[Event "Wch U12 blitz"]
[Site "Minsk"]
[Date "2018.06.24"]
[Round "2"]
[White "Daneshvar, Bardiya"]
[Black "Mamochev, Aleksei"]
[Result "1-0"]
[WhiteElo "2267"]
[BlackElo "1745"]
[PlyCount "61"]
[EventDate "2018.06.24"]
[EventType "swiss (blitz)"]
[EventRounds "9"]
[EventCountry "BLR"]
[SourceTitle "EXT 2019"]
[Source "ChessBase"]
[SourceDate "2018.10.10"]
[SourceVersion "1"]
[SourceVersionDate "2018.10.10"]
[SourceQuality "1"]

1. d4 Nf6 2. c4 g6 3. Nc3 Bg7 4. e4 d6 5. f3 0-0 6. Be3 Nc6 7. Nge2 Nd7 8. Qd2 a6 9. Rc1 e5 10. d5 Ne7 11. g4 f5 12. gxf5 gxf5 13. Rg1 f4 14. Bf2 Ng6 15. Bh3 Nh4 16. Be6+ Kh8 17. Qd3 Nc5 18. Bxc5 Bxe6 19. dxe6 dxc5 20. Qxd8 Rfxd8 21. Kf2 Rd3 22. Rcd1 Rxf3+ 23. Ke1 Bf6 24. Nd5 Bg7 25. Nxc7 Rg8 26. e7 Re3 27. Rd8 Nf3+ 28. Kf2 Rxe2+ 29. Kxe2 Nxg1+ 30. Kf1 Bf6 31. Rxg8+ 1-0

[Event "St Petersburg Summer op"]
[Site "St Petersburg"]
[Date "2017.08.24"]
[Round "9"]
[White "Mamochev, Aleksei"]
[Black "Kaitukov, Arsen"]
[Result "1-0"]
[WhiteElo "1677"]
[BlackElo "1852"]
[PlyCount "100"]
[EventDate "2017.08.16"]
[EventType "swiss"]
[EventRounds "9"]
[EventCountry "RUS"]
[SourceTitle "CBM 180 Extra"]
[Source "ChessBase"]
[SourceDate "2017.10.06"]
[SourceVersion "1"]
[SourceVersionDate "2017.10.06"]
[SourceQuality "1"]

1. Nf3 Nc6 2. d4 d5 3. g3 Bf5 4. Bg2 Nf6 5. 0-0 Qd7 6. b3 Bh3 7. Bb2 Bxg2 8. Kxg2 h5 9. h4 Rh6 10. c4 Rg6 11. Ne5 Nxe5 12. dxe5 Ne4 13. Qxd5 Qg4 14. Qd3 Rd8 15. Qf3 Nd2 16. Qxg4 Rxg4 17. Rd1 Nxb1 18. Raxb1 e6 19. Rxd8+ Kxd8 20. Rd1+ Kc8 21. Bd4 a6 22. Be3 Be7 23. Bg5 Bxg5 24. f3 Rxh4 25. gxh4 Bxh4 26. Rh1 g5 27. f4 Kd7 28. fxg5 Bxg5 29. Rxh5 Bd2 30. Rh3 Ke7 31. Kf3 b5 32. cxb5 axb5 33. Ke4 c5 34. Rd3 Be1 35. Rd1 Bc3 36. Rc1 Bb4 37. Ra1 Ba3 38. Rd1 f5+ 39. exf6+ Kxf6 40. Rd8 Ke7 41. Rb8 b4 42. Kd3 Bb2 43. Kc4 Kd6 44. Rb6+ Ke5 45. Rc6 Bd4 46. Rxc5+ Bxc5 47. Kxc5 Ke4 48. Kxb4 e5 49. a4 Ke3 50. a5 Kxe2 1-0

[Event "St Petersburg Summer op"]
[Site "St Petersburg"]
[Date "2017.08.16"]
[Round "1"]
[White "Mamochev, Aleksei"]
[Black "Paramzina, Anastasya"]
[Result "0-1"]
[WhiteElo "1677"]
[BlackElo "2141"]
[PlyCount "80"]
[EventDate "2017.08.16"]
[EventType "swiss"]
[EventRounds "9"]
[EventCountry "RUS"]
[SourceTitle "CBM 180 Extra"]
[Source "ChessBase"]
[SourceDate "2017.10.06"]
[SourceVersion "1"]
[SourceVersionDate "2017.10.06"]
[SourceQuality "1"]

1. Nf3 Nf6 2. g3 d5 3. Bg2 c6 4. 0-0 Bg4 5. d4 Nbd7 6. Nbd2 e6 7. b3 Be7 8. Bb2 0-0 9. c4 Re8 10. h3 Bh5 11. g4 Bg6 12. Nh4 Bd6 13. Nxg6 hxg6 14. Nf3 Qb8 15. Nd2 g5 16. e4 dxe4 17. Nxe4 Nxe4 18. Bxe4 Nf6 19. Bg2 Qd8 20. Bc1 Nd7 21. f4 gxf4 22. Bxf4 Bxf4 23. Rxf4 e5 24. Rf1 Qb6 25. Kh1 exd4 26. Qf3 Ne5 27. Qf5 Qc5 28. Rae1 g6 29. Qf4 Qd6 30. Re4 d3 31. h4 Rad8 32. Bf3 Re6 33. Bd1 Rde8 34. h5 Qe7 35. Qg3 Qg5 36. Qg2 d2 37. Rd4 Rd8 38. Rxd8+ Qxd8 39. hxg6 Rxg6 40. Qg3 Nxg4 0-1